| 000 | 00519nam a2200157Ia 4500 | ||
|---|---|---|---|
| 008 | 150121s9999 xx 000 0 und d | ||
| 020 | _a2244-4610 | ||
| 245 |
_aIAMURE : _bInternational Journal of Marine Ecology / _h[electronic resource] |
||
| 260 |
_bInternational Association of Multidisciplinary Research, _c2013. |
||
| 516 | _aElectronic text | ||
| 650 | _aBiodiversity. | ||
| 650 | _aEcology. | ||
| 830 | _aPhilippine E-Journals | ||
| 856 | _uhttp://www.ejournals.ph/index.php?journal=IAMURE-ME | ||
| 942 | _cEJ | ||
| 999 |
_c277025 _d277025 |
||